Código Orgánico de Tribunales.

Gorde:
Xehetasun bibliografikoak
Egile nagusia: Hernández De Lamotte, Diego (autor)
Beste egile batzuk: Fuchs Nissim, Andrés (autor)
Formatua: Ezezaguna
Hizkuntza:ingelesa
Argitaratua: Santiago, Chile: Thomson Reuters, 2023.
Edizioa:Vigésima Tercera Edición.
Saila:Colección de Códigos 2023
Gaiak:
Etiketak: Etiketa erantsi
Etiketarik gabe, Izan zaitez lehena erregistro honi etiketa jartzen!

MARC

LEADER 00000 a2200000 4500
003 CL-VaPUC
005 20230316154642.0
008 230314t2023 ||||| |||| 00| 0 eng d
999 |c 440100  |d 440098 
020 |a 978-956-400-314-6 
040 |c Pontificia Universidad Católica de Valparaíso 
082 |a 347.8301 HER 2023 
100 |a  Hernández De Lamotte, Diego   |9 861333  |e autor 
245 |a Código Orgánico de Tribunales. 
250 |a Vigésima Tercera Edición.  |b Actualizada al 4 de enero de 2023. 
260 |a Santiago, Chile:  |b Thomson Reuters,  |c 2023. 
300 |a 632 páginas. 
490 |a Colección de Códigos 2023 
505 |a Anotaciones y concordancias. Indice temático. Títulos de artículos del cuerpo del código y de las normas del apéndice 
583 |k GC  |c 20230314 
650 |a Código orgánico de tribunales  |z Chile  |9 880586 
650 |a Tribunales  |z Chile  |9 880587 
700 |a Fuchs Nissim, Andrés  |9 814260  |e autor 
942 |2 ddc  |c BK 
952 |0 0  |1 0  |2 ddc  |4 0  |6 347_830100000000000_HER_2023  |7 0  |8 R  |9 588961  |a BIBDER  |b BIBDER  |d 2023-03-10  |e 31  |g 0.00  |i 5656606  |l 30  |m 6  |o 347.8301 HER 2023  |p 5656606  |q 2025-12-31  |r 2023-08-30  |s 2023-08-30  |t 1  |v 0.00  |w 2023-03-10  |y BK  |k DER